| 000 | 00700nam a2200265Ia 4500 | ||
|---|---|---|---|
| 008 | 180523s9999 xx 000 0 und d | ||
| 020 | _a978-1-119-31564-3 | ||
| 050 | _aMAIN RC 662 | ||
| 050 | _b.S53 2017 | ||
| 100 | _aShafer, Sherri. | ||
| 245 | 0 | _aDiabetes & carb counting / | |
| 245 | 0 | _cSherri Shafer. | |
| 260 | _aNew Jersey : | ||
| 260 | _bJohn Wiley & Sons, | ||
| 260 | _c2017 | ||
| 300 | _a384 pages : | ||
| 300 | _billustrations ; | ||
| 300 | _c24 cm. | ||
| 440 | _aFor Dummies | ||
| 500 | _aIncludes index | ||
| 650 | _aDiabetes -- Diet therapy. | ||
| 650 | _aFood -- Carbohydrate content. | ||
| 650 | _xCarbohydrates. | ||
| 650 | _xDiabetes -- Nutritional aspects. | ||
| 999 |
_c357839 _d357839 |
||